| 000 | 00535nam a22001577a 4500 | ||
|---|---|---|---|
| 003 | OSt | ||
| 005 | 20151027165053.0 | ||
| 008 | 151027b xxu||||| |||| 00| 0 eng d | ||
| 040 | _cRUA | ||
| 082 | _aVTF DIT 2002 B112 Or.1 | ||
| 100 |
_92992 _aDITH SIDETH |
||
| 245 | _aL'efficacite economique de l'utilisation du haricot mungo dans l'aliment concentre sur la croissance des porcs charcutiers au district de saan ang de la province de kandal, | ||
| 260 |
_aPhnom Penh _bRua _c2002 |
||
| 300 |
_a41p. _bill. _c29cm. |
||
| 942 |
_2ddc _cVTF` |
||
| 999 |
_c2807 _d2807 |
||